Prime Ministers of The Netherlands - Statistics

General Stats
  • This quiz has been taken 90 times
    15 since last reset
  • The average score is 12 of 18
Answer Stats
Year Party Answer % Correct
2002 - 2010 CDA Jan Peter Balkenende
100%
2010 - 2024 VVD Mark Rutte
100%
1994 - 2002 PvdA Wim Kok
100%
2024 - 2026 no party Dick Schoof
88%
2026 - ... D66 Rob Jetten
88%
1982 - 1994 CDA Ruud Lubbers
88%
1977 - 1982 CDA Dries van Agt
75%
1973 - 1977 PvdA Joop den Uyl
75%
1967 - 1971 KVP Piet de Jong
75%
1963 - 1965 KVP Victor Marijnen
63%
1948 - 1958 PvdA Willem Drees
63%
1971 - 1973 ARP Barend Biesheuvel
50%
1966 - 1967 ARP Jelle Zijlstra
50%
1965 - 1966 KVP Jo Cals
50%
1946 - 1948 KVP Louis Beel
50%
1958 - 1959 KVP Louis Beel
50%
1959 - 1963 KVP Jan de Quay
38%
1945 - 1946 VDB / PvdA Wim Schermerhorn
38%
No matching quizzes found
Score Distribution
Percent of People with Each Score
Percentile by Number Answered
Your Score History
You have not taken this quiz since the last reset